[Event "Najdorf Memorial B"]
[Site "Warsaw POL"]
[Date "2021.07.14"]
[Round "5.10"]
[White "Lochina, Justyna"]
[Black "Iwaszkiewicz, Krzysztof"]
[Result "1/2-1/2"]
[WhiteElo "1514"]
[BlackElo "1706"]
[EventDate "2021.07.10"]
[PlyCount "90"]
[LiveChessVersion "1.4.8"]

1.e4 {[%clk 1:30:58]} 1...c5 {[%clk 1:30:58]} 2.Nf3 {[%clk 1:31:14]} 2...e6 
{[%clk 1:31:27]} 3.d4 {[%clk 1:31:27]} 3...cxd4 {[%clk 1:31:55]} 4.Nxd4 {[%clk
1:31:48]} 4...Nf6 {[%clk 1:32:22]} 5.Nc3 {[%clk 1:31:56]} 5...Nc6 {[%clk
1:32:49]} 6.Ndb5 {[%clk 1:30:43]} 6...Bb4 {[%clk 1:33:14]} 7.a3 {[%clk 1:30:40]} 
7...Bxc3+ {[%clk 1:33:40]} 8.Nxc3 {[%clk 1:31:01]} 8...d5 {[%clk 1:34:08]} 
9.exd5 {[%clk 1:26:30]} 9...exd5 {[%clk 1:34:32]} 10.Bd3 {[%clk 1:25:40]} 
10...O-O {[%clk 1:34:57]} 11.O-O {[%clk 1:25:21]} 11...d4 {[%clk 1:35:24]} 
12.Ne2 {[%clk 1:21:38]} 12...Bg4 {[%clk 1:35:52]} 13.f3 {[%clk 1:16:30]} 
13...Bh5 {[%clk 1:36:16]} 14.Nf4 {[%clk 1:13:44]} 14...Bg6 {[%clk 1:36:43]} 
15.Nxg6 {[%clk 1:11:43]} 15...hxg6 {[%clk 1:37:07]} 16.Bg5 {[%clk 1:08:11]} 
16...Qd6 {[%clk 1:32:05]} 17.Qd2 {[%clk 1:05:28]} 17...Nd5 {[%clk 1:30:37]} 
18.Be4 {[%clk 1:00:38]} 18...Qc5 {[%clk 1:24:29]} 19.b4 {[%clk 0:50:02]} 
19...Qb5 {[%clk 1:09:35]} 20.a4 {[%clk 0:36:36]} 20...Qc4 {[%clk 1:10:02]} 
21.Bxd5 {[%clk 0:29:21]} 21...Qxd5 {[%clk 1:10:28]} 22.Rad1 {[%clk 0:24:18]} 
22...a6 {[%clk 1:02:28]} 23.c3 {[%clk 0:22:01]} 23...Qb3 {[%clk 0:58:33]} 
24.cxd4 {[%clk 0:20:11]} 24...Qxa4 {[%clk 0:57:14]} 25.d5 {[%clk 0:19:27]} 
25...Ne5 {[%clk 0:54:58]} 26.Be7 {[%clk 0:18:03]} 26...Rfe8 {[%clk 0:54:35]} 
27.d6 {[%clk 0:17:22]} 27...Qd7 {[%clk 0:54:19]} 28.Qf4 {[%clk 0:11:02]} 
28...Nc6 {[%clk 0:41:32]} 29.Rfe1 {[%clk 0:11:11]} 29...Rac8 {[%clk 0:29:59]} 
30.Qg4 {[%clk 0:09:27]} 30...Nb8 {[%clk 0:28:22]} 31.Rc1 {[%clk 0:08:05]} 
31...Qxg4 {[%clk 0:13:48]} 32.fxg4 {[%clk 0:08:28]} 32...f6 {[%clk 0:14:11]} 
33.g5 {[%clk 0:05:52]} 33...Kf7 {[%clk 0:14:18]} 34.gxf6 {[%clk 0:05:37]} 
34...gxf6 {[%clk 0:14:44]} 35.Rxc8 {[%clk 0:04:08]} 35...Rxc8 {[%clk 0:15:10]} 
36.Rf1 {[%clk 0:04:08]} 36...Nd7 {[%clk 0:15:34]} 37.g4 {[%clk 0:02:58]} 
37...Rc4 {[%clk 0:15:54]} 38.h3 {[%clk 0:03:05]} 38...Rxb4 {[%clk 0:15:07]} 
39.Bxf6 {[%clk 0:02:56]} 39...Nxf6 {[%clk 0:10:43]} 40.g5 {[%clk 0:03:22]} 
40...a5 {[%clk 0:09:58]} 41.Rxf6+ {[%clk 0:03:21]} 41...Kg7 {[%clk 0:10:25]} 
42.Re6 {[%clk 0:02:33]} 42...Kf7 {[%clk 0:07:36]} 43.Rf6+ {[%clk 0:02:01]} 
43...Kg7 {[%clk 0:08:02]} 44.Re6 {[%clk 0:02:26]} 44...Kf7 {[%clk 0:02:47]} 
45.Rf6+ {[%clk 0:02:47]} 45...Kg7 {[%clk 0:03:09]} 1/2-1/2

[Event "Najdorf Memorial B"]
[Site "Warsaw POL"]
[Date "2021.07.14"]
[Round "5.11"]
[White "Babijczuk, Wojciech"]
[Black "Rutkowski, Piotr"]
[Result "1/2-1/2"]
[WhiteElo "1493"]
[BlackElo "1688"]
[EventDate "2021.07.10"]
[PlyCount "206"]
[LiveChessVersion "1.4.8"]

1.e4 {[%clk 1:30:30]} 1...c5 {[%clk 1:25:19]} 2.Nf3 {[%clk 1:30:56]} 2...d6 
{[%clk 1:25:38]} 3.d4 {[%clk 1:31:22]} 3...cxd4 {[%clk 1:26:03]} 4.Nxd4 {[%clk
1:31:48]} 4...Nf6 {[%clk 1:26:27]} 5.Nc3 {[%clk 1:32:09]} 5...a6 {[%clk
1:26:52]} 6.Bc4 {[%clk 1:32:26]} 6...e6 {[%clk 1:27:14]} 7.Bb3 {[%clk 1:32:48]} 
7...Nbd7 {[%clk 1:25:56]} 8.Be3 {[%clk 1:28:28]} 8...Nc5 {[%clk 1:25:15]} 9.f3 
{[%clk 1:28:47]} 9...Be7 {[%clk 1:25:09]} 10.Qd2 {[%clk 1:28:50]} 10...O-O 
{[%clk 1:18:16]} 11.g4 {[%clk 1:29:14]} 11...Nfd7 {[%clk 0:58:08]} 12.O-O-O 
{[%clk 1:29:30]} 12...Ne5 {[%clk 0:56:13]} 13.h4 {[%clk 1:29:14]} 13...Qe8 
{[%clk 0:55:10]} 14.h5 {[%clk 1:26:23]} 14...b5 {[%clk 0:55:20]} 15.Bg5 {[%clk
1:21:44]} 15...b4 {[%clk 0:52:32]} 16.Nb1 {[%clk 1:14:37]} 16...f6 {[%clk
0:48:29]} 17.Be3 {[%clk 1:04:02]} 17...a5 {[%clk 0:48:37]} 18.a4 {[%clk
1:00:42]} 18...Bd7 {[%clk 0:37:24]} 19.Ba2 {[%clk 0:59:08]} 19...Rc8 {[%clk
0:36:42]} 20.Qe2 {[%clk 0:54:58]} 20...Bxa4 {[%clk 0:33:11]} 21.Rd2 {[%clk
0:52:55]} 21...b3 {[%clk 0:32:18]} 22.Bxb3 {[%clk 0:48:21]} 22...Nxb3+ {[%clk
0:31:55]} 23.Nxb3 {[%clk 0:48:40]} 23...Bxb3 {[%clk 0:32:17]} 24.Nc3 {[%clk
0:47:36]} 24...Bc4 {[%clk 0:32:18]} 25.Qg2 {[%clk 0:46:49]} 25...a4 {[%clk
0:32:07]} 26.f4 {[%clk 0:46:52]} 26...Nd7 {[%clk 0:31:57]} 27.Nxa4 {[%clk
0:44:06]} 27...Ra8 {[%clk 0:29:53]} 28.b3 {[%clk 0:44:25]} 28...d5 {[%clk
0:29:50]} 29.bxc4 {[%clk 0:36:18]} 29...Rxa4 {[%clk 0:29:13]} 30.Kd1 {[%clk
0:36:10]} 30...dxc4 {[%clk 0:27:15]} 31.Ke2 {[%clk 0:35:29]} 31...Nc5 {[%clk
0:27:22]} 32.Rhd1 {[%clk 0:33:26]} 32...c3 {[%clk 0:26:32]} 33.Rd4 {[%clk
0:32:09]} 33...Rxd4 {[%clk 0:25:30]} 34.Rxd4 {[%clk 0:32:35]} 34...Qb5+ {[%clk
0:25:43]} 35.Kf3 {[%clk 0:32:12]} 35...Rd8 {[%clk 0:26:06]} 36.Rxd8+ {[%clk
0:30:24]} 36...Bxd8 {[%clk 0:26:28]} 37.g5 {[%clk 0:30:10]} 37...Nxe4 {[%clk
0:25:31]} 38.h6 {[%clk 0:28:33]} 38...fxg5 {[%clk 0:21:44]} 39.hxg7 {[%clk
0:28:50]} 39...Bf6 {[%clk 0:20:47]} 40.Qh3 {[%clk 0:24:06]} 40...Qf5 {[%clk
0:19:45]} 41.Qh5 {[%clk 0:23:52]} 41...g4+ {[%clk 0:15:48]} 42.Qxg4 {[%clk
0:23:44]} 42...Nd2+ {[%clk 0:16:12]} 43.Kg3 {[%clk 0:22:18]} 43...Qxg4+ {[%clk
0:16:35]} 44.Kxg4 {[%clk 0:22:19]} 44...Nc4 {[%clk 0:16:59]} 45.Bc5 {[%clk
0:22:34]} 45...Kxg7 {[%clk 0:17:15]} 46.f5 {[%clk 0:22:38]} 46...Kf7 {[%clk
0:16:16]} 47.fxe6+ {[%clk 0:22:55]} 47...Kxe6 {[%clk 0:16:38]} 48.Kh5 {[%clk
0:22:04]} 48...Bg7 {[%clk 0:16:28]} 49.Kg5 {[%clk 0:22:06]} 49...Kd5 {[%clk
0:16:49]} 50.Bb4 {[%clk 0:22:21]} 50...Ne3 {[%clk 0:17:04]} 51.Bxc3 {[%clk
0:22:32]} 51...Bxc3 {[%clk 0:16:48]} 52.Kh6 {[%clk 0:22:57]} 52...Nxc2 {[%clk
0:16:39]} 53.Kxh7 {[%clk 0:23:20]} 53...Ke6 {[%clk 0:16:49]} 54.Kg6 {[%clk
0:21:37]} 54...Ne3 {[%clk 0:17:05]} 55.Kg5 {[%clk 0:21:50]} 55...Bf6+ {[%clk
0:17:01]} 56.Kf4 {[%clk 0:22:11]} 56...Nd5+ {[%clk 0:17:21]} 57.Ke4 {[%clk
0:22:34]} 57...Nb4 {[%clk 0:16:19]} 58.Kf4 {[%clk 0:22:43]} 58...Kd5 {[%clk
0:16:35]} 59.Kf3 {[%clk 0:22:25]} 59...Nc2 {[%clk 0:16:02]} 60.Kf4 {[%clk
0:22:35]} 60...Nd4 {[%clk 0:16:15]} 61.Ke3 {[%clk 0:22:28]} 61...Bg5+ {[%clk
0:15:53]} 62.Kd3 {[%clk 0:22:37]} 62...Nb5 {[%clk 0:16:15]} 63.Ke2 {[%clk
0:22:34]} 63...Ke4 {[%clk 0:16:34]} 64.Kf2 {[%clk 0:22:34]} 64...Nd4 {[%clk
0:16:35]} 65.Kg3 {[%clk 0:22:49]} 65...Bf4+ {[%clk 0:15:13]} 66.Kf2 {[%clk
0:22:24]} 66...Nf5 {[%clk 0:15:18]} 67.Kg2 {[%clk 0:20:49]} 67...Nd4 {[%clk
0:13:39]} 68.Kf2 {[%clk 0:21:01]} 68...Ne6 {[%clk 0:13:58]} 69.Kg2 {[%clk
0:21:14]} 69...Ng5 {[%clk 0:14:23]} 70.Kf2 {[%clk 0:21:28]} 70...Be3+ {[%clk
0:13:19]} 71.Kg3 {[%clk 0:21:39]} 71...Kf5 {[%clk 0:13:35]} 72.Kh2 {[%clk
0:20:43]} 72...Kg4 {[%clk 0:12:55]} 73.Kg2 {[%clk 0:20:57]} 73...Ne4 {[%clk
0:12:49]} 74.Kh2 {[%clk 0:20:51]} 74...Kf3 {[%clk 0:13:02]} 75.Kh1 {[%clk
0:20:25]} 75...Bf2 {[%clk 0:12:07]} 76.Kh2 {[%clk 0:20:39]} 76...Bg3+ {[%clk
0:08:42]} 77.Kg1 {[%clk 0:20:45]} 77...Nf2 {[%clk 0:08:58]} 78.Kf1 {[%clk
0:21:00]} 78...Ng4 {[%clk 0:03:40]} 79.Kg1 {[%clk 0:21:15]} 79...Ne3 {[%clk
0:04:04]} 80.Kh1 {[%clk 0:21:25]} 80...Nf5 {[%clk 0:04:28]} 81.Kg1 {[%clk
0:21:45]} 81...Bf4 {[%clk 0:04:27]} 82.Kh1 {[%clk 0:21:15]} 82...Ng3+ {[%clk
0:04:49]} 83.Kg1 {[%clk 0:20:12]} 83...Be5 {[%clk 0:04:58]} 84.Kh2 {[%clk
0:20:15]} 84...Bd4 {[%clk 0:05:01]} 85.Kh3 {[%clk 0:20:33]} 85...Be3 {[%clk
0:04:04]} 86.Kh2 {[%clk 0:20:47]} 86...Bc5 {[%clk 0:03:31]} 87.Kh3 {[%clk
0:21:04]} 87...Ne4 {[%clk 0:01:05]} 88.Kh2 {[%clk 0:21:26]} 88...Bf2 {[%clk
0:01:28]} 89.Kh1 {[%clk 0:21:01]} 89...Ng3+ {[%clk 0:01:50]} 90.Kh2 {[%clk
0:21:25]} 90...Be3 {[%clk 0:02:03]} 91.Kh3 {[%clk 0:21:30]} 91...Bg1 {[%clk
0:02:28]} 92.Kh4 {[%clk 0:21:42]} 92...Be3 {[%clk 0:01:54]} 93.Kh3 {[%clk
0:22:06]} 93...Bf4 {[%clk 0:00:41]} 94.Kh2 {[%clk 0:22:17]} 94...Ne4+ {[%clk
0:01:05]} 95.Kg1 {[%clk 0:22:22]} 95...Bg3 {[%clk 0:01:33]} 96.Kh1 {[%clk
0:22:30]} 96...Nf2+ {[%clk 0:01:59]} 97.Kg1 {[%clk 0:22:48]} 97...Bf4 {[%clk
0:02:20]} 98.Kf1 {[%clk 0:22:23]} 98...Bh2 {[%clk 0:02:39]} 99.Ke1 {[%clk
0:22:43]} 99...Ne4 {[%clk 0:01:56]} 100.Kd1 {[%clk 0:22:49]} 100...Be5 {[%clk
0:02:04]} 101.Ke1 {[%clk 0:23:01]} 101...Bd4 {[%clk 0:02:00]} 102.Kd1 {[%clk
0:22:20]} 102...Ke3 {[%clk 0:02:17]} 103.Kc2 {[%clk 0:22:35]} 103...Nc5 {[%clk
0:02:40]} 1/2-1/2

[Event "Najdorf Memorial B"]
[Site "Warsaw POL"]
[Date "2021.07.14"]
[Round "5.12"]
[White "Wyczesany, Dariusz"]
[Black "Hertlein, Irena"]
[Result "0-1"]
[WhiteElo "1475"]
[BlackElo "1643"]
[EventDate "2021.07.10"]
[PlyCount "42"]
[LiveChessVersion "1.4.8"]

1.e4 {[%clk 1:30:56]} 1...d5 {[%clk 1:30:41]} 2.exd5 {[%clk 1:31:11]} 2...Qxd5 
{[%clk 1:31:04]} 3.Nc3 {[%clk 1:31:30]} 3...Qd6 {[%clk 1:31:29]} 4.Nf3 {[%clk
1:31:17]} 4...Nf6 {[%clk 1:31:45]} 5.b3 {[%clk 1:30:44]} 5...c6 {[%clk 1:31:14]} 
6.Bb2 {[%clk 1:30:55]} 6...Bf5 {[%clk 1:25:36]} 7.d4 {[%clk 1:29:33]} 7...Nbd7 
{[%clk 1:23:40]} 8.Bd3 {[%clk 1:25:43]} 8...Bxd3 {[%clk 1:23:12]} 9.Qxd3 {[%clk
1:25:56]} 9...e6 {[%clk 1:23:18]} 10.O-O {[%clk 1:24:39]} 10...Be7 {[%clk
1:18:12]} 11.Rfe1 {[%clk 1:22:51]} 11...O-O {[%clk 1:17:26]} 12.Rad1 {[%clk
1:22:33]} 12...Qc7 {[%clk 1:12:16]} 13.Ne5 {[%clk 1:19:24]} 13...Rad8 {[%clk
1:02:29]} 14.Qg3 {[%clk 1:17:09]} 14...Nb6 {[%clk 0:55:23]} 15.Ne4 {[%clk
1:14:14]} 15...Nxe4 {[%clk 0:52:36]} 16.Rxe4 {[%clk 1:14:30]} 16...Bd6 {[%clk
0:35:10]} 17.c4 {[%clk 1:10:39]} 17...f6 {[%clk 0:25:24]} 18.Qh3 {[%clk
0:57:59]} 18...fxe5 {[%clk 0:12:37]} 19.Qxe6+ {[%clk 0:53:21]} 19...Qf7 {[%clk
0:12:44]} 20.Qxf7+ {[%clk 0:52:58]} 20...Kxf7 {[%clk 0:12:46]} 21.dxe5 {[%clk
0:53:00]} 21...Bxe5 {[%clk 0:12:48]} 0-1

[Event "Najdorf Memorial B"]
[Site "Warsaw POL"]
[Date "2021.07.14"]
[Round "5.13"]
[White "Jaszczuk, Piotr"]
[Black "Kurowski, Maciej"]
[Result "1/2-1/2"]
[WhiteElo "1424"]
[BlackElo "1627"]
[EventDate "2021.07.10"]
[PlyCount "80"]
[LiveChessVersion "1.4.8"]

1.e4 {[%clk 1:30:57]} 1...c5 {[%clk 1:30:50]} 2.Nf3 {[%clk 1:31:22]} 2...g6 
{[%clk 1:31:11]} 3.d4 {[%clk 1:31:44]} 3...cxd4 {[%clk 1:31:35]} 4.Nxd4 {[%clk
1:32:04]} 4...Nc6 {[%clk 1:31:56]} 5.c4 {[%clk 1:32:16]} 5...Nf6 {[%clk
1:31:38]} 6.Nc3 {[%clk 1:32:38]} 6...d6 {[%clk 1:31:47]} 7.f3 {[%clk 1:32:40]} 
7...Nxd4 {[%clk 1:29:40]} 8.Qxd4 {[%clk 1:32:52]} 8...Bg7 {[%clk 1:30:03]} 
9.Be3 {[%clk 1:33:11]} 9...O-O {[%clk 1:30:11]} 10.Qd2 {[%clk 1:33:31]} 
10...Be6 {[%clk 1:28:11]} 11.O-O-O {[%clk 1:31:49]} 11...Qa5 {[%clk 1:24:04]} 
12.Kb1 {[%clk 1:31:20]} 12...Qb4 {[%clk 1:14:33]} 13.Nd5 {[%clk 1:29:29]} 
13...Nxd5 {[%clk 1:13:59]} 14.cxd5 {[%clk 1:29:51]} 14...Qxd2 {[%clk 1:14:24]} 
15.Rxd2 {[%clk 1:30:04]} 15...Bd7 {[%clk 1:14:48]} 16.h4 {[%clk 1:29:53]} 
16...a6 {[%clk 1:12:52]} 17.h5 {[%clk 1:29:42]} 17...f5 {[%clk 1:10:59]} 18.Bd3 
{[%clk 1:29:10]} 18...Rac8 {[%clk 1:07:24]} 19.Bg5 {[%clk 1:27:26]} 19...Bf6 
{[%clk 1:06:00]} 20.Bh6 {[%clk 1:24:51]} 20...Bg7 {[%clk 1:03:48]} 21.hxg6 
{[%clk 1:22:54]} 21...hxg6 {[%clk 1:04:10]} 22.Bxg7 {[%clk 1:23:17]} 22...Kxg7 
{[%clk 1:04:34]} 23.g3 {[%clk 1:23:38]} 23...f4 {[%clk 0:57:29]} 24.g4 {[%clk
1:23:31]} 24...Rh8 {[%clk 0:54:14]} 25.Rdh2 {[%clk 1:23:40]} 25...g5 {[%clk
0:45:24]} 26.Rxh8 {[%clk 1:22:29]} 26...Rxh8 {[%clk 0:45:19]} 27.Rxh8 {[%clk
1:22:53]} 27...Kxh8 {[%clk 0:45:48]} 28.Kc2 {[%clk 1:23:13]} 28...Kg7 {[%clk
0:45:39]} 29.Kc3 {[%clk 1:23:26]} 29...Kf6 {[%clk 0:45:35]} 30.Kd4 {[%clk
1:23:10]} 30...a5 {[%clk 0:44:49]} 31.b3 {[%clk 1:21:18]} 31...b5 {[%clk
0:39:30]} 32.a3 {[%clk 1:21:29]} 32...b4 {[%clk 0:30:07]} 33.a4 {[%clk 1:21:42]} 
33...Bc8 {[%clk 0:30:04]} 34.Bc4 {[%clk 1:20:55]} 34...Bb7 {[%clk 0:29:53]} 
35.Bb5 {[%clk 1:20:00]} 35...Bc8 {[%clk 0:29:20]} 36.Bc4 {[%clk 1:19:21]} 
36...Bb7 {[%clk 0:29:41]} 37.Bb5 {[%clk 1:18:23]} 37...Bc8 {[%clk 0:30:00]} 
38.Bc6 {[%clk 1:18:23]} 38...Ba6 {[%clk 0:30:18]} 39.Bb5 {[%clk 1:18:34]} 
39...Bc8 {[%clk 0:30:33]} 40.Bd3 Bd7 1/2-1/2

[Event "Najdorf Memorial B"]
[Site "Warsaw POL"]
[Date "2021.07.14"]
[Round "5.14"]
[White "Mrozinski, Mateusz"]
[Black "Seo, Ian"]
[Result "0-1"]
[WhiteElo "1623"]
[BlackElo "1451"]
[EventDate "2021.07.10"]
[PlyCount "134"]
[LiveChessVersion "1.4.8"]

1.e4 {[%clk 1:30:58]} 1...e5 {[%clk 1:28:31]} 2.Nf3 {[%clk 1:31:23]} 2...Nc6 
{[%clk 1:28:53]} 3.Bb5 {[%clk 1:31:48]} 3...a6 {[%clk 1:29:14]} 4.Ba4 {[%clk
1:32:14]} 4...Nf6 {[%clk 1:29:32]} 5.O-O {[%clk 1:32:18]} 5...b5 {[%clk
1:29:03]} 6.Bb3 {[%clk 1:32:42]} 6...d6 {[%clk 1:28:54]} 7.Re1 {[%clk 1:32:46]} 
7...Bg4 {[%clk 1:28:40]} 8.c3 {[%clk 1:32:25]} 8...Be7 {[%clk 1:28:01]} 9.d3 
{[%clk 1:32:16]} 9...h6 {[%clk 1:27:51]} 10.Nbd2 {[%clk 1:32:24]} 10...O-O 
{[%clk 1:26:57]} 11.h3 {[%clk 1:31:15]} 11...Bh5 {[%clk 1:25:25]} 12.Nf1 {[%clk
1:30:02]} 12...Qd7 {[%clk 1:24:36]} 13.Ng3 {[%clk 1:29:48]} 13...Bg6 {[%clk
1:24:52]} 14.Nh4 {[%clk 1:27:50]} 14...Kh7 {[%clk 1:24:28]} 15.Ngf5 {[%clk
1:23:40]} 15...Bd8 {[%clk 1:20:02]} 16.Qd2 {[%clk 1:17:47]} 16...Bxf5 {[%clk
1:18:19]} 17.Nxf5 {[%clk 1:18:09]} 17...Ng8 {[%clk 1:18:44]} 18.d4 {[%clk
1:16:08]} 18...Bg5 {[%clk 1:18:27]} 19.Qd3 {[%clk 1:15:03]} 19...Bxc1 {[%clk
1:12:56]} 20.Raxc1 {[%clk 1:15:00]} 20...Rad8 {[%clk 1:04:48]} 21.g4 {[%clk
1:08:23]} 21...Nge7 {[%clk 1:04:38]} 22.Rcd1 {[%clk 1:04:35]} 22...exd4 {[%clk
0:51:27]} 23.cxd4 {[%clk 1:03:55]} 23...Nxf5 {[%clk 0:48:11]} 24.gxf5 {[%clk
1:01:30]} 24...g6 {[%clk 0:40:47]} 25.f6 {[%clk 0:56:36]} 25...Rb8 {[%clk
0:34:03]} 26.Kh2 {[%clk 0:56:11]} 26...a5 {[%clk 0:33:29]} 27.Qf3 {[%clk
0:54:15]} 27...a4 {[%clk 0:32:30]} 28.Bc2 {[%clk 0:54:36]} 28...Rfe8 {[%clk
0:25:41]} 29.h4 {[%clk 0:53:08]} 29...Rg8 {[%clk 0:22:49]} 30.h5 {[%clk
0:47:40]} 30...Nb4 {[%clk 0:20:27]} 31.Bb1 {[%clk 0:47:50]} 31...Qe6 {[%clk
0:20:20]} 32.a3 {[%clk 0:44:46]} 32...Nc6 {[%clk 0:18:20]} 33.Rg1 {[%clk
0:41:25]} 33...Nxd4 {[%clk 0:17:24]} 34.hxg6+ fxg6 {[%clk 0:16:50]} 35.Qe3 
{[%clk 0:08:36]} 35...c5 {[%clk 0:16:17]} 36.Rg3 {[%clk 0:07:37]} 36...Qxf6 
{[%clk 0:12:37]} 37.Rh3 {[%clk 0:07:59]} 37...h5 {[%clk 0:12:57]} 38.f4 {[%clk
0:07:22]} 38...Rbe8 {[%clk 0:10:15]} 39.Rg1 {[%clk 0:06:25]} 39...Ne6 {[%clk
0:08:46]} 40.f5 {[%clk 0:06:07]} 40...Qe5+ {[%clk 0:08:24]} 41.Kh1 {[%clk
0:06:28]} 41...Nf4 {[%clk 0:08:16]} 42.Rh4 {[%clk 0:05:10]} 42...g5 {[%clk
0:07:53]} 43.Rh2 {[%clk 0:05:35]} 43...h4 {[%clk 0:07:39]} 44.Qf2 {[%clk
0:05:10]} 44...h3 {[%clk 0:06:34]} 45.Qg3 {[%clk 0:04:17]} 45...Qf6 {[%clk
0:05:54]} 46.Rf1 {[%clk 0:04:03]} 46...Rg7 {[%clk 0:05:37]} 47.Ba2 {[%clk
0:02:06]} 47...c4 {[%clk 0:05:47]} 48.Bb1 {[%clk 0:02:30]} 48...Rf8 {[%clk
0:05:02]} 49.Qg4 {[%clk 0:02:26]} 49...Qe5 {[%clk 0:04:41]} 50.Rd1 {[%clk
0:02:37]} 50...Kg8 {[%clk 0:04:38]} 51.Rhd2 {[%clk 0:02:38]} 51...Rd8 {[%clk
0:04:29]} 52.Rf1 {[%clk 0:02:26]} 52...d5 {[%clk 0:04:22]} 53.exd5 Rxd5 {[%clk
0:04:30]} 54.Rdf2 {[%clk 0:02:10]} 54...Rd8 {[%clk 0:03:31]} 55.Qf3 {[%clk
0:02:28]} 55...Qd5 {[%clk 0:03:35]} 56.Be4 {[%clk 0:02:54]} 56...Qd6 {[%clk
0:03:35]} 57.Qc3 {[%clk 0:02:55]} 57...Re8 {[%clk 0:03:40]} 58.Re1 {[%clk
0:02:20]} 58...Rge7 {[%clk 0:03:28]} 59.Qf3 {[%clk 0:01:35]} 59...Qd4 {[%clk
0:03:34]} 60.Rg1 {[%clk 0:01:03]} 60...Qxe4 {[%clk 0:03:33]} 61.Rxg5+ {[%clk
0:01:11]} 61...Kf7 {[%clk 0:03:23]} 62.Qxe4 {[%clk 0:00:56]} 62...Rxe4 {[%clk
0:03:46]} 63.Rf3 {[%clk 0:01:15]} 63...Kf6 {[%clk 0:03:18]} 64.Rg4 {[%clk
0:01:15]} 64...Kxf5 {[%clk 0:03:21]} 65.Rg7 {[%clk 0:01:37]} 65...Re1+ {[%clk
0:03:39]} 66.Kh2 {[%clk 0:02:03]} 66...R8e2+ {[%clk 0:04:04]} 67.Kg3 {[%clk
0:02:25]} 67...Rg1+ {[%clk 0:04:03]} 0-1

[Event "Najdorf Memorial B"]
[Site "Warsaw POL"]
[Date "2021.07.14"]
[Round "5.15"]
[White "Chmielewski, Miroslaw"]
[Black "Bartczak, Hanna"]
[Result "1/2-1/2"]
[WhiteElo "1604"]
[BlackElo "1443"]
[EventDate "2021.07.10"]
[PlyCount "86"]
[LiveChessVersion "1.4.8"]

1.e4 {[%clk 1:30:53]} 1...d5 {[%clk 1:30:56]} 2.Nc3 {[%clk 1:29:27]} 2...d4 
{[%clk 1:28:14]} 3.Nce2 {[%clk 1:29:50]} 3...c5 {[%clk 1:23:11]} 4.Ng3 {[%clk
1:28:33]} 4...e5 {[%clk 1:21:42]} 5.Bb5+ {[%clk 1:26:11]} 5...Bd7 {[%clk
1:20:19]} 6.Bxd7+ {[%clk 1:25:43]} 6...Nxd7 {[%clk 1:20:06]} 7.d3 {[%clk
1:26:04]} 7...Ngf6 {[%clk 1:19:05]} 8.N1e2 {[%clk 1:25:34]} 8...g6 {[%clk
1:14:35]} 9.O-O {[%clk 1:25:07]} 9...Bg7 {[%clk 1:14:12]} 10.f4 {[%clk 1:23:36]} 
10...O-O {[%clk 1:11:09]} 11.f5 {[%clk 1:22:13]} 11...b5 {[%clk 1:07:19]} 
12.Nh1 {[%clk 1:07:16]} 12...Ng4 {[%clk 0:52:55]} 13.Nxd4 {[%clk 0:52:12]} 
13...Nxh2 {[%clk 0:51:20]} 14.Nc6 {[%clk 0:45:53]} 14...Qh4 {[%clk 0:45:43]} 
15.Qe1 {[%clk 0:45:07]} 15...Qxe1 {[%clk 0:40:03]} 16.Rxe1 {[%clk 0:44:38]} 
16...Ng4 {[%clk 0:40:26]} 17.Ne7+ {[%clk 0:42:25]} 17...Kh8 {[%clk 0:40:41]} 
18.Nf2 {[%clk 0:42:32]} 18...Ndf6 {[%clk 0:35:04]} 19.Nxg4 {[%clk 0:39:44]} 
19...Nxg4 {[%clk 0:35:26]} 20.Nd5 {[%clk 0:33:38]} 20...a6 {[%clk 0:30:11]} 
21.Rf1 {[%clk 0:29:02]} 21...Nf6 {[%clk 0:23:49]} 22.Nxf6 {[%clk 0:27:21]} 
22...Bxf6 {[%clk 0:24:04]} 23.Be3 {[%clk 0:26:10]} 23...Rac8 {[%clk 0:23:00]} 
24.c4 {[%clk 0:23:38]} 24...Kg7 {[%clk 0:21:51]} 25.Rac1 {[%clk 0:21:59]} 
25...Be7 {[%clk 0:17:11]} 26.Rf3 {[%clk 0:16:51]} 26...f6 {[%clk 0:15:35]} 
27.Kf2 {[%clk 0:16:52]} 27...g5 {[%clk 0:13:18]} 28.Ke2 {[%clk 0:16:53]} 
28...h5 {[%clk 0:13:15]} 29.Rh3 {[%clk 0:16:52]} 29...Rh8 {[%clk 0:13:37]} 
30.Rhh1 {[%clk 0:14:45]} 30...h4 {[%clk 0:10:44]} 31.Rc2 {[%clk 0:12:09]} 
31...b4 {[%clk 0:10:44]} 32.Rcc1 {[%clk 0:09:13]} 32...Rb8 {[%clk 0:09:49]} 
33.Rb1 {[%clk 0:09:01]} 33...a5 {[%clk 0:09:02]} 34.Bf2 {[%clk 0:08:33]} 
34...a4 {[%clk 0:08:37]} 35.b3 {[%clk 0:07:55]} 35...a3 {[%clk 0:08:29]} 36.g3 
{[%clk 0:07:40]} 36...hxg3 {[%clk 0:08:43]} 37.Bxg3 {[%clk 0:07:59]} 37...Rxh1 
{[%clk 0:07:43]} 38.Rxh1 {[%clk 0:08:23]} 38...Rh8 {[%clk 0:08:08]} 39.Rxh8 
{[%clk 0:07:59]} 39...Kxh8 {[%clk 0:08:33]} 40.Kf3 {[%clk 0:08:16]} 40...Kh7 
{[%clk 0:08:57]} 41.Kg4 {[%clk 0:08:33]} 41...Kh6 {[%clk 0:09:20]} 42.Bf2 
{[%clk 0:08:02]} 42...Bd6 {[%clk 0:09:40]} 43.Be3 {[%clk 0:07:55]} 43...Be7 
{[%clk 0:10:02]} 1/2-1/2